Труды и материалы Всесоюзного института организации и охраны труда в городе Харькове. Вып. 2: Биохимия фосфорных соединений (Запись № 13623692)

Подробности
000 -МАРКЕР
контрольное поле 01162nam2a2200241 4500
001 - ИДЕНТИФИКАТОР ЗАПИСИ
контрольное поле rc\3044496
005 - ИДЕНТИФИКАТОР ВЕРСИИ
контрольное поле 20260315065731.0
035 ## - ДРУГИЕ СИСТЕМНЫЕ НОМЕРА
Идентификатор записи (NLR Aleph) 007184338
100 ## - ДАННЫЕ ОБЩЕЙ ОБРАБОТКИ
Данные общей обработки 20111007d1935 u y0rusy50 ca
101 0# - ЯЗЫК РЕСУРСА
Язык текста, звукозаписи и т.д. русский
102 ## - СТРАНА ПУБЛИКАЦИИ ИЛИ ПРОИЗВОДСТВА
Страна публикации российская федерация
105 ## - ПОЛЕ КОДИРОВАННЫХ ДАННЫХ: ТЕКСТОВЫЕ МАТЕРИАЛЫ, МОНОГРАФИЧЕСКИЕ
Кодированные данные о монографическом текстовом документе y z |||||
200 1# - ЗАГЛАВИЕ И СВЕДЕНИЯ ОБ ОТВЕТСТВЕННОСТИ
Основное заглавие Биохимия фосфорных соединений
210 ## - ПУБЛИКАЦИЯ, РАСПРОСТРАНЕНИЕ И ДР.
Дата издания, распространения и т.д. 1935
461 #0 - УРОВЕНЬ НАБОРА
Встроенное поле 001rc\3044495
-- 2001#$aТруды и материалы Всесоюзного института организации и охраны труда в городе Харькове$eВып. 2-$fВЦСПС$vВып. 2
Системный номер (АБИС) связанной записи 7474050
Автор Всесоюзный институт организации и охраны труда (Харьков)
Место публикации Киев
Дата публикации 1935
Первые сведения об ответственности ВЦСПС
Имя издателя, распространителя и т.д. Госмедиздат
Сведения, относящиеся к заглавию Вып. 2-
Заглавие Труды и материалы Всесоюзного института организации и охраны труда в городе Харькове
Номер тома Вып. 2
700 #1 - ИМЯ ЛИЦА - ПЕРВИЧНАЯ ОТВЕТСТВЕННОСТЬ
Начальный элемент ввода Фердман
Часть имени, кроме начального элемента ввода Д.Л.
801 #0 - ИСТОЧНИК ЗАПИСИ
Страна российская федерация
Организация NLR
Правила каталогизации psbo
801 #1 - ИСТОЧНИК ЗАПИСИ
Страна российская федерация
Организация ELAR
Источник данных rusmarc
852 ## - МЕСТОНАХОЖДЕНИЕ И ШИФР ХРАНЕНИЯ
Идентификатор организации NLR
Шифр хранения (Call Number) Би315/Ф-432
852 ## - МЕСТОНАХОЖДЕНИЕ И ШИФР ХРАНЕНИЯ
Идентификатор организации NLR
Шифр хранения (Call Number) 35-18/196
942 ## - ДОПОЛНИТЕЛЬНЫЕ ЭЛЕМЕНТЫ ЗАПИСИ (АБИС)
Тип экземпляра АБИС Неопределено
980 ## - КОЛЛЕКЦИЯ
Название коллекции Национальная библиография

Нет доступных экземпляров.